000 00309nam a22001457a 4500
008 210429b ||||| |||| 00| 0 eng d
020 _a9781111532147
041 _aeng
080 _a33
082 _a33
100 _a58
101 _aBIZ
245 _aBCOM Instructor Edition
_cLehman,
942 _2udc
_cBK
999 _c56975
_d56975